Do any of these countries border each other? #2 - Statistics

General Stats
  • This quiz has been taken 109 times
  • The average score is 6 of 8
Answer Stats
Hint Explanation Answer % Correct
Jordan - Eswatini - Kazakhstan - Qatar - South Korea - Paraguay - Ivory Coast - Azerbaijan No
95%
Bahrain - Turkmenistan - Libya - Albania - Moldova - South Sudan - Yemen - Armenia No
78%
Lesotho - Mozambique - Gabon - Australia - Central African Republic - Eritrea - Togo - Djibouti Eritrea and Djibouti Yes
77%
Estonia - Netherlands - Liechtenstein - Latvia - Ireland - Sweden - Bulgaria - Vatican City Estonia and Latvia Yes
76%
Andorra - Rwanda - Ghana - Lebanon - Mauritania - Switzerland - Equatorial Guinea - Slovenia No
72%
Chile - Sierra Leone - Lesotho - Cameroon - Zambia - Chad - Peru - Somalia Chile and Peru Yes
70%
Taiwan - Vietnam - North Korea - East Timor - Kyrgyzstan - Russia - Maldives - Iran North Korea and Russia Yes
69%
Canada - Antigua and Barbuda - Suriname - Grenada - Panama - Nicaragua - Mexico - El Salvador No
53%
No matching quizzes found
Score Distribution
Percent of People with Each Score
Percentile by Number Answered
Your Score History
You have not taken this quiz